[Event "Montreal Ligue elite du dimanche"]
[Site "Montreal"]
[Date "2007.09.09"]
[Round "1"]
[White "Landou, Mohamed"]
[Black "Germain, Max"]
[Result "1-0"]
[WhiteElo "1364"]
[BlackElo "1599"]
[PlyCount "97"]
[EventDate "2007.09.09"]
[EventType "swiss"]
[EventRounds "5"]
[EventCountry "CAN"]
[SourceTitle "EXT 2022"]
[Source "ChessBase"]
[SourceDate "2021.10.06"]
[SourceVersion "1"]
[SourceVersionDate "2021.10.06"]
[SourceQuality "1"]

1. e4 c6 2. Nf3 d5 3. exd5 cxd5 4. d4 Nc6 5. Bb5 a6 6. Be2 Bf5 7. 0-0 Nf6 8. Bf4 e6 9. Nh4 Bg6 10. Nxg6 hxg6 11. c4 Bd6 12. Bg3 Nh5 13. Nc3 Bxg3 14. fxg3 dxc4 15. d5 exd5 16. Nxd5 b5 17. Bf3 0-0 18. g4 Nf6 19. Nxf6+ Qxf6 20. g5 Qd4+ 21. Qxd4 Nxd4 22. Bxa8 Rxa8 23. Rad1 Ne6 24. Rd7 Nxg5 25. Rfd1 Rf8 26. Ra7 Ne4 27. Re1 Nc5 28. Ree7 Nd3 29. b3 cxb3 30. axb3 Nc5 31. b4 Nd3 32. Re4 Rc8 33. Kf1 Nb2 34. Rxa6 Nc4 35. Ke2 Rd8 36. Ra7 Rd2+ 37. Kf3 Rd8 38. Ree7 Rf8 39. Ke4 Nd6+ 40. Kd5 Nc8 41. Kc6 Nxa7+ 42. Rxa7 f5 43. Kxb5 f4 44. Kc6 Rc8+ 45. Rc7 Re8 46. b5 Re2 47. b6 Kh7 48. b7 Rb2 49. Rd7 1-0

[Event "Quebec-ch qual U1400"]
[Site "Montreal"]
[Date "2005.10.08"]
[Round "2"]
[White "Landou, Mohamed"]
[Black "Gaudet, Francis"]
[Result "1-0"]
[WhiteElo "1326"]
[BlackElo "1338"]
[PlyCount "123"]
[EventDate "2005.10.08"]
[EventType "swiss"]
[EventRounds "7"]
[EventCountry "CAN"]
[SourceTitle "EXT 2009"]
[Source "ChessBase"]
[SourceDate "2008.11.26"]
[SourceVersion "1"]
[SourceVersionDate "2008.11.26"]
[SourceQuality "1"]

1. e4 e6 2. d4 d5 3. Nf3 dxe4 4. Ng5 Nf6 5. Nc3 Nc6 6. Be3 Bb4 7. Bc4 h6 8. Nh3 a6 9. a3 Bxc3+ 10. bxc3 b5 11. Ba2 0-0 12. 0-0 e5 13. dxe5 Nxe5 14. Nf4 Bg4 15. Qd4 Qxd4 16. cxd4 Nc4 17. Bc1 Bf5 18. c3 c6 19. Bb1 g5 20. Ne2 Rfe8 21. Ng3 Bg6 22. Re1 Re7 23. a4 Rae8 24. axb5 axb5 25. Rf1 Nd5 26. Ne2 Bh5 27. Ng3 Bg6 28. Ne2 f5 29. Ra6 Re6 30. Ba2 Kg7 31. Bxc4 bxc4 32. Bb2 f4 33. Ra4 f3 34. gxf3 exf3 35. Nc1 Re1 36. Rxc4 R8e6 37. Rc5 Nf4 38. h3 Nxh3+ 39. Kh2 Rxf1 40. Kxh3 Rxf2 41. d5 cxd5 42. Rb5 Bf5+ 43. Kg3 Rg2+ 44. Kxf3 Be4+ 45. Ke3 d4+ 46. Kxd4 Rd2+ 47. Ke3 Rd7 48. c4+ Kg6 49. Be5 Bc6 50. Rc5 Kf5 51. Nd3 Be4 52. Bc3+ Kg6 53. Ne5+ Kh5 54. Nxd7 Bc6+ 55. Kf2 Bxd7 56. Rc7 Re7 57. c5 Rf7+ 58. Kg3 g4 59. c6 Rf3+ 60. Kg2 Bf5 61. Bg7 Be4 62. Kg1 1-0